000 00301nam a2200133Ia 4500
100 _aNaidu M.S./ Kamakshaih
942 _cBK
654 _aElectrical Engg
245 _aInt to Electrical Engg
260 _bTata Mc Graw hill
_aNew Delhi
_c1995
300 _a741
546 _aENGLISH
999 _c20156
_d20156